Random overseas islands and territories facts - Statistics

General Stats
  • This quiz has been taken 16 times
  • The average score is 12 of 15
Answer Stats
Hint Answer % Correct
Australian territory in the Indian ocean that also shares it name with a holiday Christmas Island
100%
Owned by Chile and shares a name with a holiday Easter Island
100%
This British territory is disputed with Argentina Falkland Islands
100%
Its the largest island on earth Greenland
100%
It boarders Brazil and Suriname French Guyana
93%
This British Caribbean territories capital city is Road Town British Virgin Islands
80%
Dutch Caribbean territory Curacao
80%
Tahiti is it largest island French Polynesia
80%
This Spanish archipelago is of the coast of northwestern Africa Canary Islands
73%
This pacific ocean archipelago is owned by Ecuador Galapagos Islands
73%
This French Indian ocean territories capital is Saint-Denis Reunion
73%
This pacific ocean territory covers 7 islands and its capital city is Pago Pago American Samoa
67%
American overseas territory with a palm tree on its flag Guam
67%
Its capital city is Hamilton Bermuda
53%
Its just south of the Canadian island Newfoundland Saint Pierre and Miquelon
53%
No matching quizzes found
Score Distribution
Percent of People with Each Score
Percentile by Number Answered
Your Score History
You have not taken this quiz